Combustion synthesis of advanced materials (Record no. 62257)
[ view plain ]
| 000 -LEADER | |
|---|---|
| fixed length control field | 01422nam a2200349 a 4500 |
| 082 04 - DEWEY DECIMAL CLASSIFICATION NUMBER | |
| Classification number | 620.1/43 |
| 100 1# - MAIN ENTRY--AUTHOR NAME | |
| Personal name | Khina, B. B. |
| 245 10 - TITLE STATEMENT | |
| Title | Combustion synthesis of advanced materials |
| 260 ## - PUBLICATION, DISTRIBUTION, ETC. (IMPRINT) | |
| Place of publication | New York : |
| Name of publisher | Nova Science Publishers, |
| Year of publication | c2010. |
| 300 ## - PHYSICAL DESCRIPTION | |
| Number of Pages | xii, 110 p. : |
| Other physical details | ill. |
| 490 1# - SERIES STATEMENT | |
| Series statement | Chemistry research and applications series |
| 650 #0 - SUBJECT ADDED ENTRY--TOPICAL TERM | |
| Topical Term | Self-propagating high-temperature synthesis. |
| Topical Term | Refractory materials |
| Topical Term | Refractory materials |
| 856 40 - ELECTRONIC LOCATION AND ACCESS | |
| Uniform Resource Identifier | http://site.ebrary.com/lib/rucke/Doc?id=10671063 |
No items available.
